000 00812nam0a2200277 4500
001 RU\NLR\BIBL_A\011577045
005 20250626094418.0
010 _910000
035 _a(NLR Aleph) 011577045
090 _a13415362
_c13415362
100 _a20180109d1982 |||y0rusy50 ca
101 0 _aaze
_arus
102 _aAZ
105 _ac z 000 y
200 1 _aИнам
_fНәби Хәзри
210 _aБакы
_cJазычы
_d1982
215 _a69 с.
_cпортр.
_d18
541 1 _aУбежденность
_eпоэма
686 1 _aШ6(2=Аз)7-5
700 1 _aХәзри
_bН.
_gНәби
_4070
790 1 _aБабаев
_bН. А.
_gНаби Алекпер оглы
_4070
852 _aNLR
_bОНЛ
_jАзерб./2-20114
852 _aNLR
_bОНЛ
_jАзерб./2-20114
942 _cBOOK
980 _aNB